[Event "Campeonato de España Abierto 2006"]
[Site "Leon ESP"]
[Date "2006.11.24"]
[Round "3.21"]
[White "Garcia Moral Garcia, Jose Daniel"]
[Black "Marcos Pinto, Luis"]
[Result "1-0"]
[WhiteElo "2232"]
[BlackElo "1922"]
[PlyCount "117"]
[EventDate "2006.11.22"]
[EventType "swiss"]
[EventRounds "9"]
[EventCountry "ESP"]
[Source "lmi"]
[SourceDate "2006.11.22"]

1. e4 c5 2. Nf3 Nc6 3. d4 cxd4 4. Nxd4 e5 5. Nb5 Nf6 6. Bg5 d6 7. N1c3 a6 8.
Na3 b5 9. Nd5 Be7 10. Bxf6 Bxf6 11. c3 O-O 12. Nc2 Bg5 13. a4 bxa4 14. Rxa4 a5
15. Bc4 Bd7 16. Ra2 Ne7 17. O-O Rb8 18. Qd3 Kh8 19. b3 f5 20. Rfa1 fxe4 21.
Qxe4 Bf5 22. Qe2 Bxc2 23. Qxc2 Nc6 24. Qe2 Qc8 25. h4 Bd8 26. Bd3 Qe6 27. Qe4
g6 28. h5 Kg7 29. g3 Ne7 30. Nxe7 Bxe7 31. Rxa5 Qf6 32. R1a2 Rxb3 33. hxg6 hxg6
34. Ra7 Rxc3 35. Rxe7+ Qxe7 36. Qxg6+ Kh8 37. Ra4 Rxd3 38. Qxd3 Rf6 39. Rh4+
Kg8 40. Rg4+ Kf7 41. Qd5+ Re6 42. Qe4 Rf6 43. Qh7+ Ke6 44. Rg7 Qf8 45. Ra7 Rf7
46. Qg6+ Rf6 47. Qg4+ Rf5 48. Qc4+ Kf6 49. Rd7 Kg5 50. Qh4+ Kg6 51. Qe4 Kg5 52.
Qh4+ Kg6 53. Rd8 Qf6 54. Qg4+ Kh6 55. Rd7 d5 56. Qg8 Qg6 57. Qh8+ Kg5 58. Rg7
d4 59. Qh4# 1-0

[Event "Campeonato de España Abierto 2006"]
[Site "Leon ESP"]
[Date "2006.11.24"]
[Round "3.23"]
[White "Moran Llera, Jose Angel"]
[Black "Trujillo Delgado, Dafnae"]
[Result "0-1"]
[WhiteElo "1859"]
[BlackElo "2174"]
[PlyCount "152"]
[EventDate "2006.11.22"]
[EventType "swiss"]
[EventRounds "9"]
[EventCountry "ESP"]
[Source "lmi"]
[SourceDate "2006.11.22"]

1. d4 Nf6 2. Nf3 g6 3. Bg5 Bg7 4. Nbd2 d6 5. e4 c5 6. c3 cxd4 7. cxd4 Qa5 8.
Bd3 Bg4 9. O-O Nc6 10. Nc4 Qxg5 11. Nxg5 Bxd1 12. Raxd1 b5 13. Nxd6+ exd6 14.
Bxb5 Rc8 15. d5 O-O 16. dxc6 h6 17. Nf3 Nxe4 18. Nd2 Nc5 19. b4 Ne6 20. Nc4 Nd4
21. Nxd6 Rcd8 22. Nb7 Rc8 23. Ba4 Ne2+ 24. Kh1 Nc3 25. Nc5 Nxd1 26. Rxd1 Bc3
27. Nd7 Rfe8 28. b5 Re2 29. Bb3 Rce8 30. g3 Rxf2 31. c7 Rc8 32. Ne5 Rxc7 33.
Nxg6 Rc5 34. Nf4 Rd2 35. Rf1 Rxb5 36. Nh5 Rxh5 37. Bxf7+ Kg7 38. Bxh5 Rxa2 39.
Rf7+ Kg8 40. Rc7 Ra1+ 41. Kg2 Bd4 42. Bf7+ Kg7 43. Ba2+ Kf6 44. Rc2 a5 45. Kf3
Kf5 46. Re2 a4 47. g4+ Kg5 48. Ke4 Bg7 49. Kf3 a3 50. Kg3 Bb2 51. Re6 Rg1+ 52.
Kf3 Rf1+ 53. Kg3 Rg1+ 54. Kf3 Bf6 55. Kf2 Rxg4 56. Re2 Bd4+ 57. Kf3 Rf4+ 58.
Kg3 Rf1 59. h4+ Kg6 60. Kg2 Rg1+ 61. Kh2 Ra1 62. Kh3 Bb2 63. Rg2+ Kf6 64. Bc4
a2 65. Bxa2 Rxa2 66. h5 Ra3+ 67. Rg3 Ra1 68. Rg6+ Kf5 69. Rxh6 Rg1 70. Kh2 Rg5
71. Rh7 Be5+ 72. Kh1 Ke4 73. h6 Bf4 74. Rb7 Kf3 75. Rf7 Rc5 76. Rg7 Rh5+ 0-1

[Event "Campeonato de España Abierto 2006"]
[Site "Leon ESP"]
[Date "2006.11.24"]
[Round "3.24"]
[White "Fernandez De Pablo, Miguel A"]
[Black "Varasa Paredes, Javier"]
[Result "1/2-1/2"]
[WhiteElo "2205"]
[BlackElo "1867"]
[PlyCount "97"]
[EventDate "2006.11.22"]
[EventType "swiss"]
[EventRounds "9"]
[EventCountry "ESP"]
[Source "lmi"]
[SourceDate "2006.11.22"]

1. e4 e6 2. d4 d5 3. Nd2 Nf6 4. e5 Nfd7 5. Bd3 b6 6. Ne2 Be7 7. c3 Ba6 8. Bxa6
Nxa6 9. Nf3 c5 10. O-O b5 11. a3 Nc7 12. Nf4 O-O 13. Re1 b4 14. dxc5 bxc3 15.
b4 a5 16. Be3 Rb8 17. Rb1 Nb5 18. Qc1 axb4 19. axb4 Qc7 20. Bd4 Nxd4 21. Nxd4
Bg5 22. Nfxe6 Bxc1 23. Nxc7 Bd2 24. Nxd5 Bxe1 25. Rxe1 Rfe8 26. f4 Nf6 27.
Nxf6+ gxf6 28. Nc6 Rb5 29. Rc1 fxe5 30. fxe5 Kf8 31. Rxc3 Rb7 32. Rb3 Rc8 33.
b5 Ke8 34. Na5 Ra7 35. Nc6 Rb7 36. e6 fxe6 37. Re3 Rxb5 38. Rxe6+ Kd7 39. Rd6+
Kc7 40. Na7 Rb1+ 41. Kf2 Ra8 42. Nc6 Ra6 43. Nd4 Rxd6 44. cxd6+ Kxd6 45. Nf3 h6
46. g4 Ke6 47. h4 Kf6 48. Kg3 Rb3 49. Kf4 1/2-1/2

[Event "Campeonato de España Abierto 2006"]
[Site "Leon ESP"]
[Date "2006.11.24"]
[Round "3.25"]
[White "Galard Agustin, Tomas E"]
[Black "Vega Gutierrez, Belinda"]
[Result "0-1"]
[WhiteElo "1924"]
[BlackElo "2151"]
[PlyCount "90"]
[EventDate "2006.11.22"]
[EventType "swiss"]
[EventRounds "9"]
[EventCountry "ESP"]
[Source "lmi"]
[SourceDate "2006.11.22"]

1. Nf3 d5 2. Nc3 c5 3. d4 e6 4. e3 Nf6 5. Ne5 Bd6 6. f4 Nc6 7. Be2 Qb6 8. Na4
Qa5+ 9. c3 Ne4 10. Nxc6 bxc6 11. dxc5 Nxc5 12. Nxc5 Qxc5 13. O-O O-O 14. Bd3 g6
15. Qe2 e5 16. Kh1 e4 17. Bc2 a5 18. Rd1 Be7 19. Bd2 Bf6 20. Rdc1 a4 21. Qd1
Qb5 22. Rab1 Rd8 23. b3 axb3 24. Bxb3 Qa6 25. c4 d4 26. exd4 Bxd4 27. Qe1 Bf5
28. Bc3 c5 29. Rb2 Qf6 30. Re2 Ra7 31. h3 h5 32. Bd2 Re8 33. Be3 Rd8 34. Qf2
Rad7 35. Kh2 Bxe3 36. Qxe3 Qh4 37. Qg3 Qe7 38. Rce1 Rd4 39. Qf2 Qd6 40. Qh4 e3
41. Rxe3 Rxf4 42. Qg3 h4 43. Re8+ Rxe8 44. Rxe8+ Kh7 45. Rd8 hxg3+ 0-1

[Event "Campeonato de España Abierto 2006"]
[Site "Leon ESP"]
[Date "2006.11.24"]
[Round "3.27"]
[White "Coll Ortega, Jordi"]
[Black "Varela Mourin, Jesus"]
[Result "1-0"]
[WhiteElo "1946"]
[BlackElo "2169"]
[PlyCount "117"]
[EventDate "2006.11.22"]
[EventType "swiss"]
[EventRounds "9"]
[EventCountry "ESP"]
[Source "lmi"]
[SourceDate "2006.11.22"]

1. e4 d6 2. d4 Nf6 3. Nc3 g6 4. Be3 c6 5. f3 b5 6. Qd2 Nbd7 7. g4 Nb6 8. g5
Nfd7 9. b3 Qc7 10. Nge2 a6 11. f4 Bb7 12. Bg2 c5 13. d5 Bg7 14. Rc1 O-O-O 15.
a4 b4 16. Nd1 Kb8 17. c3 bxc3 18. Ndxc3 e6 19. a5 Nc8 20. Na4 exd5 21. exd5
Rhe8 22. Kf2 Ne7 23. Ng3 f6 24. h4 Nf5 25. Nxf5 gxf5 26. b4 fxg5 27. hxg5 Rxe3
28. Qxe3 Bd4 29. Qxd4 cxd4 30. Rxc7 Kxc7 31. Rxh7 Kb8 32. Rf7 Nf8 33. Nb6 Ng6
34. Rxf5 d3 35. Bf1 d2 36. Ke2 Re8+ 37. Kxd2 Re4 38. Bd3 Rxb4 39. Kc3 Rxf4 40.
Rxf4 Nxf4 41. g6 Nxd5+ 42. Nxd5 Bxd5 43. Bc4 Be4 44. g7 Bh7 45. g8=Q+ Bxg8 46.
Bxg8 Kb7 47. Kc4 Kc6 48. Bd5+ Kc7 49. Bf3 Kb8 50. Kd5 Kc7 51. Be2 Kb7 52. Kxd6
Ka7 53. Kc7 Ka8 54. Bxa6 Ka7 55. Bb5 Ka8 56. Kb6 Kb8 57. a6 Ka8 58. Bc6+ Kb8
59. a7+ 1-0

[Event "Campeonato de España Abierto 2006"]
[Site "Leon ESP"]
[Date "2006.11.24"]
[Round "3.28"]
[White "Liñan Baena, Jeronimo"]
[Black "Crespo Arce, Miguel Angel"]
[Result "1-0"]
[WhiteElo "2159"]
[BlackElo "1786"]
[PlyCount "69"]
[EventDate "2006.11.22"]
[EventType "swiss"]
[EventRounds "9"]
[EventCountry "ESP"]
[Source "lmi"]
[SourceDate "2006.11.22"]

1. d4 d5 2. Nf3 Nf6 3. e3 e6 4. Bd3 c5 5. b3 Nc6 6. Bb2 Bd7 7. a3 Rc8 8. Nbd2
cxd4 9. exd4 Bd6 10. O-O O-O 11. Ne5 Bb8 12. Kh1 a6 13. f4 Na7 14. Nxd7 Qxd7
15. c4 dxc4 16. bxc4 Nc6 17. Ne4 Nxe4 18. Bxe4 f5 19. Bc2 Ne7 20. Bb3 Ng6 21.
g3 Rfd8 22. Qe2 Qc6+ 23. Qf3 Ne7 24. Rae1 Qxf3+ 25. Rxf3 Nc6 26. c5 Kf8 27.
Bxe6 Rc7 28. d5 Na5 29. Bc3 b6 30. Bb4 Rxc5 31. Bxc5+ bxc5 32. Bxf5 Rxd5 33.
Bxh7 Nc4 34. Bg6 Rd8 35. Rc3 1-0

[Event "Campeonato de España Abierto 2006"]
[Site "Leon ESP"]
[Date "2006.11.24"]
[Round "3.29"]
[White "Fernandez Lopez, Marcos"]
[Black "Jimenez De La Torre, Jose Anton"]
[Result "0-1"]
[WhiteElo "2089"]
[BlackElo "2161"]
[PlyCount "65"]
[EventDate "2006.11.22"]
[EventType "swiss"]
[EventRounds "9"]
[EventCountry "ESP"]
[Source "lmi"]
[SourceDate "2006.11.22"]

1. d4 d5 2. Nf3 e6 3. e3 c5 4. b3 cxd4 5. exd4 Nc6 6. Nbd2 Bb4 7. Bb2 Qa5 8. c4
Nf6 9. a3 Bxd2+ 10. Nxd2 dxc4 11. b4 Qd5 12. Nxc4 O-O 13. Ne3 Qd8 14. Bd3 Bd7
15. O-O Ne7 16. Ng4 Nxg4 17. Qxg4 Nd5 18. h4 f5 19. Qg3 f4 20. Qg4 Qf6 21. Rfe1
Rae8 22. Re5 Re7 23. Rae1 Ref7 24. Be4 Qd8 25. Qf3 Nb6 26. Qd3 Qxh4 27. d5 exd5
28. Bxd5 Nxd5 29. Qxd5 Bc6 30. Qd4 Bxg2 31. Kxg2 f3+ 32. Kg1 Rf4 33. R5e4 0-1

[Event "Campeonato de España Abierto 2006"]
[Site "Leon ESP"]
[Date "2006.11.24"]
[Round "3.30"]
[White "Garcia Gonzalez, Manuel"]
[Black "Marcos Robles, Juan Antonio"]
[Result "0-1"]
[WhiteElo "2142"]
[BlackElo "1842"]
[PlyCount "108"]
[EventDate "2006.11.22"]
[EventType "swiss"]
[EventRounds "9"]
[EventCountry "ESP"]
[Source "lmi"]
[SourceDate "2006.11.22"]

1. d4 Nf6 2. c4 g6 3. Nc3 d5 4. e3 Bg7 5. Nf3 O-O 6. cxd5 Nxd5 7. Be2 c5 8. O-O
cxd4 9. Nxd4 Nxc3 10. bxc3 Qc7 11. Qb3 Nc6 12. Ba3 Nxd4 13. cxd4 Be6 14. Qb4
Bf6 15. Bf3 Rab8 16. Rfc1 Qd7 17. Bb2 Bd5 18. e4 Bc6 19. d5 Bxb2 20. Qxb2 Bb5
21. h3 a6 22. Rc3 Qd6 23. a4 Bd7 24. a5 b5 25. axb6 Rxb6 26. Qc2 Qf6 27. Re1
Rfb8 28. Qd3 Rb2 29. Qe3 Qe5 30. Rec1 Rb1 31. Be2 a5 32. f4 Qd6 33. Bc4 Rxc1+
34. Rxc1 Rc8 35. Ba2 Rxc1+ 36. Qxc1 Qb6+ 37. Kh2 a4 38. Qb1 Qxb1 39. Bxb1 Bb5
40. Bc2 a3 41. Bb3 Bd3 42. e5 Bb1 43. d6 exd6 44. exd6 Kf8 45. d7 Ke7 46. Bxf7
Kxd7 47. Kg3 a2 48. Bxa2 Bxa2 49. Kh4 h6 50. f5 gxf5 51. Kh5 f4 52. Kxh6 Ke6
53. Kg5 Ke5 54. h4 Bd5 0-1

[Event "Campeonato de España Abierto 2006"]
[Site "Leon ESP"]
[Date "2006.11.24"]
[Round "3.31"]
[White "Saenz Narciso, Miguel Angel"]
[Black "Acero Solis, Alberto"]
[Result "1-0"]
[WhiteElo "2114"]
[BlackElo "2073"]
[PlyCount "61"]
[EventDate "2006.11.22"]
[EventType "swiss"]
[EventRounds "9"]
[EventCountry "ESP"]
[Source "lmi"]
[SourceDate "2006.11.22"]

1. e4 e6 2. b3 d5 3. Bb2 dxe4 4. Nc3 Nf6 5. Qe2 b6 6. Nxe4 Be7 7. Qf3 c6 8.
O-O-O Nxe4 9. Qxe4 Bf6 10. d4 Qd5 11. Qe1 a5 12. Nf3 b5 13. Bd3 b4 14. Be4 Qd8
15. Ne5 Ra6 16. f4 Bxe5 17. dxe5 Qe7 18. g4 c5 19. Qe2 Rb6 20. f5 Bb7 21. Rd6
Qg5+ 22. Kb1 Rxd6 23. exd6 Ba6 24. Bc6+ Kd8 25. Qe4 Bc8 26. f6 g6 27. d7 Nxd7
28. Bxd7 Qd5 29. Qxd5 exd5 30. Bxc8 Kxc8 31. Re1 1-0

[Event "Campeonato de España Abierto 2006"]
[Site "Leon ESP"]
[Date "2006.11.24"]
[Round "3.32"]
[White "Martinez Rodriguez, Eugenio"]
[Black "Gonzalez Diez, Ruben"]
[Result "0-1"]
[WhiteElo "2051"]
[BlackElo "2188"]
[PlyCount "52"]
[EventDate "2006.11.22"]
[EventType "swiss"]
[EventRounds "9"]
[EventCountry "ESP"]
[Source "lmi"]
[SourceDate "2006.11.22"]

1. d4 e6 2. Nf3 f5 3. g3 Nf6 4. Bg2 Be7 5. O-O O-O 6. c4 d6 7. Nc3 Qe8 8. Bg5
Qh5 9. Re1 Nc6 10. Rb1 e5 11. d5 Nd8 12. Bxf6 Rxf6 13. e4 f4 14. Nd2 Qg6 15. b4
Nf7 16. Qa4 Ng5 17. Nb5 Bd8 18. Qc2 a6 19. Na3 a5 20. Qa4 f3 21. Bh1 Qh5 22.
Re3 Nh3+ 23. Kf1 Nxf2 24. Nxf3 Nxh1 25. Kg2 Bh3+ 26. Kxh1 Rxf3 0-1

[Event "Campeonato de España Abierto 2006"]
[Site "Leon ESP"]
[Date "2006.11.24"]
[Round "3.33"]
[White "Rodriguez Gonzalez, Miguel Angel"]
[Black "Diaz Rodriguez, Jose Antonio"]
[Result "0-1"]
[WhiteElo "1888"]
[BlackElo "2125"]
[PlyCount "58"]
[EventDate "2006.11.22"]
[EventType "swiss"]
[EventRounds "9"]
[EventCountry "ESP"]
[Source "lmi"]
[SourceDate "2006.11.22"]

1. d4 d5 2. c4 e6 3. a3 Nf6 4. Nc3 Be7 5. Bf4 c6 6. cxd5 exd5 7. Nf3 O-O 8. Qc2
Bd6 9. Bg5 h6 10. h4 Re8 11. O-O-O hxg5 12. hxg5 Ne4 13. e3 Bg4 14. Rh4 Bxf3
15. gxf3 Qxg5 16. Nxe4 dxe4 17. Rg4 Qf5 18. Bh3 Qxf3 19. Rdg1 Qxh3 20. Rxg7+
Kf8 21. Rg8+ Ke7 22. Qxe4+ Qe6 23. Qh4+ Kd7 24. d5 cxd5 25. R8g5 Nc6 26. Qa4
Qe4 27. Qd1 Ne5 28. Qd2 Rac8+ 29. Kd1 Qa4+ 0-1

[Event "Campeonato de España Abierto 2006"]
[Site "Leon ESP"]
[Date "2006.11.24"]
[Round "3.34"]
[White "Braña Lopez, Eduardo"]
[Black "Fernandez Amez, Jesus"]
[Result "1/2-1/2"]
[WhiteElo "2079"]
[BlackElo "1951"]
[PlyCount "157"]
[EventDate "2006.11.22"]
[EventType "swiss"]
[EventRounds "9"]
[EventCountry "ESP"]
[Source "lmi"]
[SourceDate "2006.11.22"]

1. e4 c6 2. Nf3 d5 3. exd5 cxd5 4. d4 Bg4 5. c3 Bxf3 6. Qxf3 Nf6 7. Bf4 Nc6 8.
Nd2 e6 9. Bd3 Bd6 10. O-O Bxf4 11. Qxf4 h6 12. Rfe1 Nh5 13. Qf3 Nf6 14. Qg3 Nh5
15. Qf3 Nf6 16. Nf1 Qc7 17. Ne3 O-O-O 18. Ng4 Nxg4 19. Qxg4 g5 20. Qg3 Rde8 21.
Bb5 Re7 22. Re3 Qxg3 23. hxg3 a6 24. Bxc6 bxc6 25. Rae1 Kc7 26. g4 Kd6 27. b4
Rhe8 28. Rh3 Rh8 29. Rf3 Rhe8 30. Rf6 Rh8 31. Re3 Rh7 32. Rh3 Kd7 33. Rfxh6
Rxh6 34. Rxh6 Kd6 35. Rf6 Ra7 36. g3 Ke7 37. Rf3 a5 38. a3 f6 39. Re3 Kd6 40.
f4 axb4 41. cxb4 Rb7 42. Kf2 Rh7 43. fxg5 fxg5 44. Re5 Rh2+ 45. Ke3 Rg2 46. Kf3
Rd2 47. Ke3 Rg2 48. Kf3 Rd2 49. Rxg5 Rxd4 50. Ke3 Rc4 51. Kd3 Ke7 52. Rg7+ Kf6
53. Rb7 Rxg4 54. a4 Rxg3+ 55. Kd4 e5+ 56. Kc5 Rc3+ 57. Kb6 e4 58. a5 e3 59. Rb8
d4 60. Re8 Kf5 61. a6 d3 62. Rxe3 d2 63. Rxc3 d1=Q 64. Rxc6 Qd4+ 65. Ka5 Qa1+
66. Kb5 Qf1+ 67. Kb6 Qf2+ 68. Rc5+ Ke4 69. a7 Qf6+ 70. Kb7 Qe7+ 71. Kb6 Qd6+
72. Kb5 Qd7+ 73. Kb6 Qd6+ 74. Ka5 Qd8+ 75. Ka6 Qd6+ 76. Kb7 Qe7+ 77. Kb8 Qf8+
78. Kb7 Qe7+ 79. Kb6 1/2-1/2

[Event "Campeonato de España Abierto 2006"]
[Site "Leon ESP"]
[Date "2006.11.24"]
[Round "3.36"]
[White "Lopez Tascon, Miguel Angel"]
[Black "Garcia Prieto, Pablo"]
[Result "0-1"]
[WhiteElo "1817"]
[BlackElo "1876"]
[PlyCount "106"]
[EventDate "2006.11.22"]
[EventType "swiss"]
[EventRounds "9"]
[EventCountry "ESP"]
[Source "lmi"]
[SourceDate "2006.11.22"]

1. d4 d5 2. c4 dxc4 3. Nf3 Nf6 4. Nc3 c5 5. e3 e6 6. Bxc4 a6 7. a4 Nc6 8. O-O
cxd4 9. exd4 Nb4 10. Bg5 Be7 11. Qe2 O-O 12. Rfd1 Nbd5 13. Nxd5 Nxd5 14. Bxe7
Nxe7 15. Ra3 b6 16. Ne5 Qd6 17. Rh3 Nd5 18. Qh5 Nf6 19. Qf3 Rb8 20. Bd3 Bb7 21.
Qf4 Qd8 22. Ng4 h5 23. Nxf6+ Qxf6 24. Qxf6 gxf6 25. Rxh5 Rfd8 26. Be2 Rbc8 27.
b4 Rc2 28. Bd3 Rb2 29. b5 a5 30. h3 Rb4 31. Bc2 Rbxd4 32. Rxd4 Rxd4 33. Kf1 Be4
34. Bb3 Bg6 35. g4 Bxh5 36. gxh5 Kg7 37. Ke2 Kh6 38. Ke3 Rh4 39. Bd1 Rxh3+ 40.
Ke4 Rxh5 41. f4 Rc5 42. Bb3 Kg7 43. Kd4 e5+ 44. Ke4 Kg6 45. f5+ Kg5 46. Bxf7
Kg4 47. Be6 Kg3 48. Ke3 Rc3+ 49. Ke4 Ra3 50. Kd5 Rxa4 51. Kc6 e4 52. Kxb6 e3
53. Bb3 Rd4 0-1

[Event "Campeonato de España Abierto 2006"]
[Site "Leon ESP"]
[Date "2006.11.24"]
[Round "3.37"]
[White "Suriol Peinado, Alberto"]
[Black "Gonzalez Trigal, Jose Luis"]
[Result "1-0"]
[WhiteElo "1900"]
[BlackElo "1824"]
[PlyCount "85"]
[EventDate "2006.11.22"]
[EventType "swiss"]
[EventRounds "9"]
[EventCountry "ESP"]
[Source "lmi"]
[SourceDate "2006.11.22"]

1. d4 d5 2. c4 c6 3. e3 Nf6 4. Nc3 e6 5. Nf3 Nbd7 6. Bd3 dxc4 7. Bxc4 b5 8. Be2
Bb7 9. O-O b4 10. Na4 c5 11. dxc5 Nxc5 12. Bb5+ Ncd7 13. Ne5 Qc7 14. Qd4 Rd8
15. Nxd7 Nxd7 16. Bd2 a6 17. Rfc1 Qa5 18. Bxd7+ Rxd7 19. Qa7 Qxa4 20. Qb8+ Ke7
21. Rc7 Qb5 22. Bxb4+ Qxb4 23. Rd1 Kf6 24. Rcxd7 Bd5 25. Qc7 Be7 26. Qc1 Bc5
27. a3 Qe4 28. R7xd5 exd5 29. Qxc5 Rd8 30. Qc6+ Ke7 31. Qxa6 Qc2 32. Qb7+ Kf8
33. Qb4+ Kg8 34. Qd2 Qb3 35. Rc1 Rb8 36. Qc2 Kf8 37. Qxb3 Rxb3 38. Rc2 Ke7 39.
Kf1 Kd6 40. Ke2 g5 41. Kd2 Ke5 42. Kc1 f5 43. Rc3 1-0

[Event "Campeonato de España Abierto 2006"]
[Site "Leon ESP"]
[Date "2006.11.24"]
[Round "3.38"]
[White "Diaz Sanchez, Jose Fco"]
[Black "Perez Ruiz, Santiago"]
[Result "1/2-1/2"]
[WhiteElo "1976"]
[BlackElo "1894"]
[PlyCount "142"]
[EventDate "2006.11.22"]
[EventType "swiss"]
[EventRounds "9"]
[EventCountry "ESP"]
[Source "lmi"]
[SourceDate "2006.11.22"]

1. e4 c5 2. Nf3 Nc6 3. d4 cxd4 4. Nxd4 Nf6 5. Nc3 e6 6. a3 d5 7. exd5 Nxd5 8.
Nxc6 bxc6 9. Ne4 Bb7 10. c4 Nb6 11. Be3 Be7 12. Qg4 O-O 13. Rd1 f5 14. Qf3 Qe8
15. Nc5 f4 16. Qh3 fxe3 17. Bd3 exf2+ 18. Kf1 g6 19. Nxb7 Qc8 20. Na5 e5 21.
Qxc8 Raxc8 22. Rd2 Bc5 23. Nb3 Na4 24. Nxc5 Nxc5 25. Bc2 Rf4 26. Rxf2 Rd8 27.
Rxf4 exf4 28. Ke2 Ne6 29. Rc1 Nd4+ 30. Kf2 Re8 31. Bd3 Re3 32. Rd1 Nb3 33. Bc2
a5 34. Bxb3 Rxb3 35. Rd2 a4 36. Rd8+ Kg7 37. Ra8 Rxb2+ 38. Kf1 Kf6 39. Rxa4 Ke5
40. Ra7 Kd4 41. Rxh7 Kxc4 42. Rg7 c5 43. Rxg6 Kd3 44. Rd6+ Ke3 45. Re6+ Kd4 46.
Rd6+ Ke5 47. Rc6 Kd5 48. Rf6 Ke5 49. Rc6 Rc2 50. h4 Kd5 51. Rc7 Kd6 52. Rc8 Ke6
53. h5 Kf5 54. Rg8 Rd2 55. h6 Rd7 56. Rg7 Rd8 57. Rc7 Kg6 58. Rc6+ Kh7 59. Rxc5
Kxh6 60. a4 Rd2 61. a5 Ra2 62. Rc6+ Kg5 63. Ra6 Kh4 64. Ra8 Kg3 65. Rg8+ Kh2
66. Rh8+ Kg3 67. Rg8+ Kh2 68. Rg4 Rxa5 69. Rxf4 Ra1+ 70. Kf2 Ra2+ 71. Kf1 Rxg2
1/2-1/2

[Event "Campeonato de España Abierto 2006"]
[Site "Leon ESP"]
[Date "2006.11.24"]
[Round "3.39"]
[White "Santos Latasa, Jaime"]
[Black "Prieto Redondo, Guillermo"]
[Result "1-0"]
[WhiteElo "1596"]
[BlackElo "1617"]
[PlyCount "63"]
[EventDate "2006.11.22"]
[EventType "swiss"]
[EventRounds "9"]
[EventCountry "ESP"]
[Source "lmi"]
[SourceDate "2006.11.22"]

1. d4 d5 2. e3 Nf6 3. Bd3 c6 4. f4 Bg4 5. Nf3 e6 6. Nbd2 Nbd7 7. O-O c5 8. c3
c4 9. Bc2 b5 10. h3 Bh5 11. e4 dxe4 12. Nxe4 Bg6 13. Nxf6+ Qxf6 14. Ne5 Nxe5
15. fxe5 Bxc2 16. Qxc2 Qg6 17. Qe2 Be7 18. a4 Qd3 19. Qxd3 cxd3 20. axb5 O-O
21. Rd1 Rfb8 22. c4 Rd8 23. Rxd3 Bc5 24. Be3 Rd7 25. Rad1 Rad8 26. Kf2 Bb4 27.
Ke2 Rc8 28. b3 Kf8 29. d5 Bc5 30. dxe6 Rxd3 31. Rxd3 Bxe3 32. Kxe3 1-0

[Event "Campeonato de España Abierto 2006"]
[Site "Leon ESP"]
[Date "2006.11.24"]
[Round "3.40"]
[White "Rodriguez Yagüe, Fermin"]
[Black "Sanzo Pinto, Jose Manuel"]
[Result "1-0"]
[WhiteElo "1883"]
[BlackElo "1534"]
[PlyCount "47"]
[EventDate "2006.11.22"]
[EventType "swiss"]
[EventRounds "9"]
[EventCountry "ESP"]
[Source "lmi"]
[SourceDate "2006.11.22"]

1. e4 e5 2. Nf3 Nc6 3. d4 exd4 4. Nxd4 Nxd4 5. Qxd4 c5 6. Qd1 Qc7 7. Nc3 Nf6 8.
Bc4 Be7 9. Bg5 d6 10. Qd2 O-O 11. O-O-O Qd8 12. f4 Bg4 13. Rde1 Qc7 14. f5 Bh5
15. h3 Ne8 16. Bxe7 Qxe7 17. g4 Nf6 18. gxh5 Nxh5 19. Rhg1 Nf6 20. Qh6 Ne8 21.
Nd5 Qe5 22. f6 Kh8 23. fxg7+ Nxg7 24. Nf6 1-0

[Event "Campeonato de España Abierto 2006"]
[Site "Leon ESP"]
[Date "2006.11.24"]
[Round "3.41"]
[White "Porto Gallego, Pablo"]
[Black "Gil Garcia, Robert"]
[Result "0-1"]
[WhiteElo "1640"]
[BlackElo "1922"]
[PlyCount "88"]
[EventDate "2006.11.22"]
[EventType "swiss"]
[EventRounds "9"]
[EventCountry "ESP"]
[Source "lmi"]
[SourceDate "2006.11.22"]

1. d4 Nf6 2. c4 c5 3. d5 b5 4. e3 b4 5. Nf3 d6 6. Nbd2 g6 7. a3 Qb6 8. Be2 Bg7
9. axb4 Qxb4 10. Qa4+ Qxa4 11. Rxa4 Nbd7 12. O-O Nb6 13. Ra2 Bf5 14. b3 O-O 15.
Bb2 Rfb8 16. Rfa1 Nc8 17. Bc3 Ne4 18. Bxg7 Kxg7 19. Nxe4 Bxe4 20. Nd2 Bf5 21.
e4 Bd7 22. h3 h5 23. f4 Rb4 24. Kf2 Rab8 25. g4 h4 26. Bd1 f5 27. e5 dxe5 28.
fxe5 fxg4 29. e6 g3+ 30. Kg2 Be8 31. Nf3 g5 32. Ne5 Rxb3 33. Bxb3 Rxb3 34. Rc1
Bh5 35. Nd7 Bf3+ 36. Kg1 Nd6 37. Nxc5 Re3 38. Kf1 g4 39. hxg4 h3 40. Kg1 Nxc4
41. g5 Ne5 42. Nd7 Ng4 43. Rg2 h2+ 44. Kh1 Re2 0-1

[Event "Campeonato de España Abierto 2006"]
[Site "Leon ESP"]
[Date "2006.11.24"]
[Round "3.42"]
[White "Calleja Loma, David"]
[Black "Llamazares Lopez, Carlos"]
[Result "0-1"]
[WhiteElo "1534"]
[BlackElo "1883"]
[PlyCount "78"]
[EventDate "2006.11.22"]
[EventType "swiss"]
[EventRounds "9"]
[EventCountry "ESP"]
[Source "lmi"]
[SourceDate "2006.11.22"]

1. e4 e5 2. Nf3 Nc6 3. Bb5 a6 4. Ba4 b5 5. Bb3 Na5 6. c3 Nxb3 7. Qxb3 d6 8. O-O
Be6 9. Qc2 Be7 10. h3 Nf6 11. d4 exd4 12. cxd4 O-O 13. Bg5 h6 14. Bxf6 Bxf6 15.
Rd1 Qc8 16. e5 dxe5 17. dxe5 Bf5 18. Qc5 Rd8 19. Rxd8+ Qxd8 20. exf6 Qd1+ 21.
Kh2 Bxb1 22. fxg7 Re8 23. Nd4 Rd8 24. Nf5 Qc2 25. Nxh6+ Kxg7 26. Qg5+ Kh7 27.
Qxd8 Qxb2 28. Rxb1 Qxb1 29. Nxf7 Qxa2 30. Qxc7 Qxf2 31. Ne5+ Kg8 32. Qc8+ Kg7
33. Qg4+ Kf6 34. Qf3+ Qxf3 35. Nxf3 b4 36. Nd4 a5 37. Nb3 a4 38. Na1 b3 39.
Nxb3 axb3 0-1

[Event "Campeonato de España Abierto 2006"]
[Site "Leon ESP"]
[Date "2006.11.25"]
[Round "4.1"]
[White "Moreno Ruiz, Javier"]
[Black "Vehi Bach, Victor Manuel"]
[Result "1-0"]
[WhiteElo "2456"]
[BlackElo "2311"]
[PlyCount "89"]
[EventDate "2006.11.22"]
[EventType "swiss"]
[EventRounds "9"]
[EventCountry "ESP"]
[Source "lmi"]
[SourceDate "2006.11.22"]

1. d4 Nf6 2. c4 e6 3. Nc3 Bb4 4. e3 b6 5. Nge2 c5 6. a3 Ba5 7. Rb1 Na6 8. Bd2
O-O 9. Ng3 Bb7 10. Bd3 d5 11. cxd5 cxd4 12. exd4 Bxc3 13. bxc3 Qxd5 14. f3 Nb8
15. Ne4 Nbd7 16. O-O e5 17. Nxf6+ Nxf6 18. Rb5 Qd6 19. Rxe5 Qxa3 20. Qa1 Qxa1
21. Rxa1 Rfe8 22. Rxe8+ Nxe8 23. Bf4 h6 24. Kf2 Kf8 25. c4 Ke7 26. c5 bxc5 27.
dxc5 Bc6 28. Ra6 Bb7 29. Ra5 a6 30. Ke3 g5 31. Bg3 Ng7 32. Bd6+ Ke6 33. g4 h5
34. h3 hxg4 35. hxg4 Kf6 36. Be5+ Kxe5 37. c6+ Kd6 38. cxb7 Re8+ 39. Be4 Kc7
40. Rxa6 f5 41. gxf5 Nxf5+ 42. Kf2 Nd6 43. Ra8 Rb8 44. Rxb8 Kxb8 45. Kg3 1-0